000 00590nam a22002172 4500
999 _c17418
_d17418
001 0000020346
003 OSt
005 20190211113746.0
008 110913s xx 000 0 eng d
020 _a0702013579:
040 _aKABU
_cKABU
245 1 0 _aTrease and evans pharmacognosy /
_c[edited by] William Charles Evans.
250 _a13th ed.
260 _aLondon :
_bElsevier,
_c1989.
300 _avii, 832p.
650 0 _aPPharmacognosy.
700 1 _aEvans, William Charles.
908 _a110913
942 _2lcc
_cBK